Allgemeinwissen Quiz #8 - Statistiken

Allgemein
  • Dieses Quiz wurde 6.886 mal gespielt
  • Das Durchschnittsergebnis liegt bei 12 aus 20
Antwortstatistiken
Frage Antwort % Korrekt
Durch welche Stadt fließt die Seine? Paris
96%
Mit wem ist Victoria Beckham verheiratet? David Beckham
87%
"Ach, wie gut ist dass niemand weiß, dass ich ___ heiß!" Rumpelstilzchen
83%
Welchen Beruf übt jemand aus, der nach einem Staatsexamen Mandanten vor Gericht vertritt? Rechtsanwalt
76%
Welcher Planet unseres Sonnensystems ist nach dem römischen Kriegsgott benannt? Mars
75%
Welches Körperteil kann von grauem Star betroffen sein? Auge
73%
Was bringt der Sandmann den Kindern in der deutschen Tradition? Träume
71%
Welches metallische Element ist als einziges bei Raumtemperatur flüssig? Quecksilber
70%
Welches Land liegt – außer Mexiko und Kanada – den USA am nächsten? Russland
57%
Wie hieß die italienische Währung vor dem Euro? Lira
56%
Der Zaubertrank welcher Person macht Asterix in den Comics superstark? Miraculix
56%
Wie nennt man die Zahl 20 im Italienischen? (Hinweis: Bei Starbucks ist es eine Bechergröße größer als "grande"?) Venti
54%
Welches ist das größte Stadion im Vereinigten Königreich? Wembley-Stadion
53%
Was bedeutet das lateinische Wort „Rex“ auf Deutsch? König
52%
Wie heißt der Autor, der sowohl „Der Hobbit“ als auch „Der Herr der Ringe“ geschrieben hat? J.R.R. Tolkien
50%
Welches berühmte Pariser Kabarett heißt übersetzt „Rote Mühle“? Moulin Rouge
46%
Was ist 5 Fakultät? 120
44%
Welcher fränkische Kaiser wurde 800 in Rom zum Kaiser gekrönt? Karl der Große
29%
Wie lautet Eminems bürgerlicher Name? Marshall Mathers
28%
Welche olympische Sportart erlaubt direkte Wettkämpfe zwischen Männern und Frauen? Reitsport
21%
Keine übereinstimmenden Quizze gefunden
Verteilung der Resultate
Anzahl Personen mit jedem Resultat
Perzentil nach korrekt beantworteten Fragen
Ihre Resultats-Entwicklung
Sie haben dieses Quiz noch nicht gespielt